Państwa z najwyższą oczekiwaną długościa życia - Statystyki

Ogólne statystyki
  • Ten quiz został rozwiązany 37 razy
  • Średni wynik to 10 z 15
Statystyki odpowiedzi
Długość życia Państwo % Poprawnych
84,74 Japonia
92%
81,76 Kanada
88%
89,52 Monako
84%
81,98 Szwecja
80%
81,77 Liechtenstein
72%
82,17 Luksemburg
72%
85,43 San Marino
72%
82,50 Szwajcaria
72%
81,75 Francja
68%
82,12 Włochy
68%
82,72 Andora
60%
82,15 Australia
56%
84,68 Singapur
56%
82,97 Islandia
52%
82,27 Izrael
28%
Nie znaleziono quizów pasujących do podanych kryteriów
Rozkład punktacji
Procent ludzi z każdym wynikiem
Percentyl według liczby udzielonych odpowiedzi
Twoja historia wyników
Nie rozwiązałeś tego quizu